TV Professions II Quiz Stats

 Plays Quiz Updated Dec 5, 2018

Support Sporcle.
Go Orange.
Score 0/22 Timer 07:00
4 Plays Today
Character Profession % Correct
Phillip ChandlerDoctor
87.1%
Moe SzyslakBartender
82.2%
Carol HathawayNurse
79%
Alice NelsonHousekeeper
77.1%
Clair HuxtableLawyer
75.1%
Michael ScottRegional Manager
72.4%
Phoebe BuffayMasseuse
71.2%
Carl WinslowPolice Officer
70.3%
Anthony NelsonAstronaut
65.7%
Daisy DukeWaitress
63.9%
Tommy GavinFirefighter
63.6%
Character Profession % Correct
Nate FisherFuneral director
53.2%
Dorothy ZbornakSubstitute teacher
52.2%
Richard CastleAuthor
43.6%
Randall WinstonMayor
42.7%
Sookie St. JamesChef
40.6%
Lowell MatherMechanic
40.4%
Rupert GilesLibrarian
27.1%
Julie McCoyCruise Director
23.5%
MaxButler
20.8%
Chris StevensDisc Jockey
17.8%
Elyse KeatonArchitect
14%

From the Vault

American Conflict by Multiple Choice Image

by senordingdong

History 5m
War never changes, but the multiple choice arrangement does.
Remove Ads.
Support Sporcle.
Get the best of Sporcle when you Go Orange. This ad-free experience offers more features, more stats, and more fun while also helping to support Sporcle. Thank you for becoming a member.

Show Comments

Extras

Top Quizzes Today


Score Distribution

Your Account Isn't Verified!

In order to create a playlist on Sporcle, you need to verify the email address you used during registration. Go to your Sporcle Settings to finish the process.

Report this User

Report this user for behavior that violates our Community Guidelines.

Details: